000 00898pam a2200265 a 4500
001 4926870
003 GBCCL
005 20260121111116.0
008 950921m19962005tnu b 001 0 eng
020 _a9780805401011
020 _a9780805401417
040 _aDLC
_cDLC
_dDLC
082 0 0 _a220.77
_220
_bNAC
100 1 _aMathews, K. A.
_9730
245 1 0 _aGenesis /
_cKenneth A. Mathews.
260 _aNashville, Tenn. :
_bBroadman & Holman Publishers,
_c1995-2005.
300 _a2 v. ;
_c24 cm.
440 _aThe New American Commentary ;
_vv. 1A-1B
_9731
504 _aIncludes bibliographical references and indexes.
505 0 _a1. 1-11:26 -- 2. 11:27-50:26.
630 0 0 _aBible.
_pGenesis
_xCommentaries.
_9732
906 _a7
_bcbc
_corignew
_d1
_eocip
_f19
_gy-gencatlg
942 _2ddc
_cREF
_n0
999 _c675
_d675